Improving sound insulation (Record no. 97839)

MARC details
000 -LEADER
fixed length control field 00600cam a2200229 4500
008 - FIXED-LENGTH DATA ELEMENTS--GENERAL INFORMATION
fixed length control field 090401t1999 xxu||||| |||| 00| 0 eng d
020 ## - INTERNATIONAL STANDARD BOOK NUMBER
International Standard Book Number 1860812740
035 ## - SYSTEM CONTROL NUMBER
System control number (Sirsi) u93521
041 ## - LANGUAGE CODE
Language code of text/sound track or separate title eng
050 ## - LIBRARY OF CONGRESS CALL NUMBER
Classification number 690
110 ## - MAIN ENTRY--CORPORATE NAME
Corporate name or jurisdiction name as entry element Building Research Establishment
245 ## - TITLE STATEMENT
Title Improving sound insulation
260 ## - PUBLICATION, DISTRIBUTION, ETC.
Name of publisher, distributor, etc. Building Research Establishment
Date of publication, distribution, etc. 1999
300 ## - PHYSICAL DESCRIPTION
Extent 4p. ; 30cm.
350 ## - PRICE (NR) (BK AM CF MU VM SE) [OBSOLETE]
Price 0
490 ## - SERIES STATEMENT
Series statement BRE Good Repair Guide
Volume/sequential designation 22 part 2
650 ## - SUBJECT ADDED ENTRY--TOPICAL TERM
Topical term or geographic name entry element NOISE
650 ## - SUBJECT ADDED ENTRY--TOPICAL TERM
Topical term or geographic name entry element SOUND INSULATION
690 ## - LOCAL SUBJECT ADDED ENTRY--TOPICAL TERM (OCLC, RLIN)
Topical term or geographic name as entry element BUILT ENVIRONMENT-CONSTRUCTION DESIGN
942 ## - ADDED ENTRY ELEMENTS (KOHA)
Suppress in OPAC 0
948 ## - LOCAL PROCESSING INFORMATION (OCLC); SERIES PART DESIGNATOR (RLIN)
c (OCLC) 21/05/1999
Holdings
Withdrawn status Lost status Source of classification or shelving scheme Damaged status Not for loan Home library Current library Shelving location Date acquired Total Checkouts Full call number Barcode Date last seen Copy number Price effective from Koha item type Date last checked out
    Dewey Decimal Classification     London London BRE publications 14/09/1999   ENQUIRY DESK 30058465 06/08/2019 2 06/08/2019 Reference material  
    Dewey Decimal Classification     London London BRE publications 13/10/1999 2 ENQUIRY DESK 30059459 06/08/2019 1 06/08/2019 Book 12/09/2001